[Event "61st POL-ch (w)"]
[Site "Bogatynia POL"]
[Date "2009.07.19"]
[Round "1"]
[White "Krupa, Monika"]
[Black "Kadziolka, Beata"]
[Result "0-1"]
[WhiteElo "2229"]
[BlackElo "2289"]
[EventDate "2009.07.19"]
[PlyCount "84"]

1.e4 c5 2.Nf3 a6 3.g3 b5 4.Bg2 Bb7 5.d4 Bxe4 6.dxc5 e6 7.Nc3 Bb7 8.Be3 Qc7
9.O-O Bxc5 10.Bxc5 Qxc5 11.Nd4 Bxg2 12.Kxg2 Nf6 13.Qf3 d5 14.Nb3 Qc7 15.a4
b4 16.Na2 a5 17.c3 bxc3 18.Nxc3 O-O 19.Rfc1 Nc6 20.Nb5 Qb6 21.Rc2 Na7 22.
Nxa7 Rxa7 23.Rc5 Ne4 24.Rb5 Qd8 25.Rc1 Nd6 26.Rbc5 Qd7 27.Nxa5 Qxa4 28.b4 
Raa8 29.Nc6 Nc4 30.R1xc4 dxc4 31.Qe4 h6 32.Qxc4 Qa2 33.Qf4 Qb1 34.Rc1 Qd3 
35.Qe5 Ra3 36.b5 Rb3 37.Ne7+ Kh7 38.b6 Qf3+ 39.Kg1 Rxb6 40.Qc5 Rb2 41.Qe3 
Qxe3 42.fxe3 Rd8 0-1

[Event "61st POL-ch (w)"]
[Site "Bogatynia POL"]
[Date "2009.07.19"]
[Round "1"]
[White "Majdan, Joanna"]
[Black "Warakomska, Anna"]
[Result "1/2-1/2"]
[WhiteElo "2382"]
[BlackElo "2193"]
[EventDate "2009.07.19"]
[PlyCount "130"]

1.d4 Nf6 2.c4 e6 3.Nf3 Bb4+ 4.Nbd2 b6 5.a3 Bxd2+ 6.Qxd2 Bb7 7.e3 O-O 8.Be2
d6 9.O-O c5 10.b4 Nbd7 11.Bb2 Qe7 12.Rad1 Rfd8 13.dxc5 dxc5 14.Qd6 Qxd6 
15.Rxd6 Ne4 16.Rd3 Ndf6 17.Rfd1 Rxd3 18.Rxd3 Kf8 19.Ne5 Ke7 20.f3 Nd6 21.
e4 Rc8 22.Rd1 Nfe8 23.b5 f6 24.Ng4 e5 25.Ne3 Nc7 26.f4 exf4 27.e5 fxe5 28.
Bxe5 Nf7 29.Bxf4 Ne6 30.Bg3 Nd4 31.Bg4 Re8 32.Nf5+ Nxf5 33.Bxf5 Kf8 34.Bd7
Re7 35.Bc6 Bc8 36.Rf1 Kg8 37.Bd5 g5 38.Bd6 Rd7 39.Bb8 Kg7 40.a4 Re7 41.a5 
bxa5 42.Ra1 Bb7 43.Rxa5 Bxd5 44.cxd5 Rb7 45.Bxa7 Nd6 46.b6 c4 47.Rc5 Kf6 
48.Kf1 Ke5 49.Ke2 Kd4 50.Rc7 Kxd5 51.Kd2 Rxc7 52.bxc7 Kc6 53.Bd4 Kxc7 54.
Kc3 Kc6 55.Be5 Kd5 56.Bxd6 Kxd6 57.Kxc4 Ke5 58.Kd3 Kf4 59.Kd4 h5 60.Kd3 h4
61.Kd4 g4 62.Kd3 h3 63.gxh3 g3 64.hxg3+ Kxg3 65.h4 Kxh4 1/2-1/2

[Event "61st POL-ch (w)"]
[Site "Bogatynia POL"]
[Date "2009.07.19"]
[Round "1"]
[White "Przezdziecka, Marta"]
[Black "Szczepkowska-Horowska, Karina"]
[Result "0-1"]
[WhiteElo "2285"]
[BlackElo "2327"]
[EventDate "2009.07.19"]
[PlyCount "60"]

1.d4 Nf6 2.c4 g6 3.Nc3 Bg7 4.e4 d6 5.f4 O-O 6.Nf3 c6 7.Bd3 a6 8.a4 a5 9.
O-O Na6 10.h3 Nd7 11.Qe2 e5 12.fxe5 dxe5 13.d5 Qe7 14.Be3 Nb4 15.Rad1 f5 
16.Bb1 f4 17.Bf2 g5 18.d6 Qf6 19.Nh2 Qg6 20.h4 Nf6 21.hxg5 Qxg5 22.Nf3 Qh5
23.c5 Bg4 24.Be1 Kh8 25.Bd3 Nd7 26.Bf2 Rf6 27.Rfe1 Rg6 28.Kf1 Bh3 29.Nh4 
Bxg2+ 30.Nxg2 f3 0-1

[Event "61st POL-ch (w)"]
[Site "Bogatynia POL"]
[Date "2009.07.19"]
[Round "1"]
[White "Rajlich, Iweta"]
[Black "Jaracz, Barbara"]
[Result "1-0"]
[WhiteElo "2448"]
[BlackElo "2306"]
[EventDate "2009.07.19"]
[PlyCount "67"]

1.d4 Nf6 2.Nf3 g6 3.Bf4 d5 4.Nbd2 Bg7 5.e3 c5 6.Be2 O-O 7.O-O Qb6 8.c4 
cxd4 9.exd4 Bf5 10.Nb3 Nc6 11.c5 Qd8 12.Ne5 Nxe5 13.dxe5 Ne8 14.Re1 Nc7 
15.Qd2 Ne6 16.Bh6 Bxh6 17.Qxh6 Qc7 18.Bf1 Rfd8 19.Rac1 d4 20.Bc4 Rd7 21.h3
Nf8 22.Nd2 Be6 23.Bd3 Bd5 24.b4 a5 25.b5 Bxa2 26.f4 Bd5 27.f5 gxf5 28.Bxf5
e6 29.Bd3 Ng6 30.c6 bxc6 31.bxc6 Rdd8 32.Nf1 Qe7 33.Ng3 Qh4 34.Nh5 1-0

[Event "61st POL-ch (w)"]
[Site "Bogatynia POL"]
[Date "2009.07.19"]
[Round "1"]
[White "Toma, Katarzyna"]
[Black "Jakubiec, Edyta"]
[Result "1-0"]
[WhiteElo "2261"]
[BlackElo "2217"]
[EventDate "2009.07.19"]
[PlyCount "83"]

1.e4 c5 2.Nf3 d6 3.d4 cxd4 4.Nxd4 Nf6 5.Nc3 a6 6.a4 e5 7.Nf3 Be7 8.Bg5 Be6
9.Bxf6 Bxf6 10.Nd5 Nd7 11.Bc4 Rc8 12.Qe2 Nb6 13.Nxf6+ Qxf6 14.Bxe6 fxe6 
15.O-O O-O 16.a5 Nd7 17.Rad1 Qe7 18.Rd2 Rc6 19.Rfd1 Rf4 20.g3 Rf8 21.Ne1 
Nf6 22.Nd3 Qc7 23.Ra1 Re8 24.c3 d5 25.f3 Rc4 26.Nf2 Rc5 27.Nd3 Rc4 28.Nf2 
Qc5 29.Kg2 dxe4 30.Nxe4 Nxe4 31.fxe4 Qc6 32.Re1 Ra4 33.Qg4 Rf8 34.h4 Rc4 
35.Kh3 Qe8 36.Rd6 Rf6 37.Red1 Rc8 38.Rd7 Rf7 39.R7d6 Rf6 40.Qg5 Qb5 41.c4 
Qxc4 42.Rd7 1-0

[Event "61st POL-ch (w)"]
[Site "Bogatynia POL"]
[Date "2009.07.19"]
[Round "1"]
[White "Zawadzka, Jolanta"]
[Black "Kulon, Klaudia"]
[Result "1-0"]
[WhiteElo "2387"]
[BlackElo "2251"]
[EventDate "2009.07.19"]
[PlyCount "103"]

1.e4 e5 2.Nf3 Nc6 3.Bb5 a6 4.Ba4 Nf6 5.O-O b5 6.Bb3 Be7 7.Re1 d6 8.c3 O-O 
9.h3 Na5 10.Bc2 c5 11.d4 Qc7 12.Nbd2 cxd4 13.cxd4 Rd8 14.d5 Bd7 15.Nf1 
Rac8 16.Bd3 Nb7 17.b4 Rf8 18.Be3 Ne8 19.N3h2 g6 20.g4 Ng7 21.Ng3 Qb8 22.
Qd2 Kh8 23.Bh6 Nd8 24.a4 Rc7 25.axb5 Bxb5 26.Bxb5 axb5 27.Nhf1 Nb7 28.Ne3 
Rfc8 29.Qe2 Nd8 30.Ra5 Rb7 31.Rea1 f6 32.Nd1 Nf7 33.Be3 Bd8 34.Ra6 Qc7 35.
Rc6 Qd7 36.Raa6 Rcb8 37.Qd3 Bc7 38.Kg2 Rg8 39.Kh2 Nd8 40.Rc1 h5 41.f3 Nf7 
42.Nc3 f5 43.exf5 h4 44.Nge4 gxf5 45.Nf6 Qd8 46.Nxg8 e4 47.fxe4 Ne5 48.Qe2
Qxg8 49.gxf5 Qe8 50.Bd4 Qe7 51.Rg1 Qf6 52.Kh1 1-0

[Event "61st POL-ch (w)"]
[Site "Bogatynia POL"]
[Date "2009.07.20"]
[Round "2"]
[White "Jakubiec, Edyta"]
[Black "Krupa, Monika"]
[Result "0-1"]
[WhiteElo "2217"]
[BlackElo "2229"]
[EventDate "2009.07.19"]
[PlyCount "82"]

1.e4 c5 2.Nf3 Nc6 3.Nc3 Nf6 4.Bc4 e6 5.d4 d5 6.exd5 exd5 7.Be2 Ne4 8.O-O 
Be7 9.Nb1 O-O 10.dxc5 Bxc5 11.Nbd2 Qb6 12.Nxe4 dxe4 13.Ng5 Bf5 14.Qd5 Nd4 
15.Bh5 g6 16.b4 Qxb4 17.Rb1 Rad8 18.Qe5 Bd6 19.Qf6 Be7 20.Rxb4 Bxf6 21.Bd1
Rd7 22.Ra4 h6 23.Nh3 Bxh3 24.gxh3 b5 25.Ra6 Bg7 26.Kg2 Rc8 27.Be3 Nxc2 28.
Bxc2 Rxc2 29.Rb1 Bd4 30.Rd1 Bxe3 31.Rxd7 Bxf2 32.Kf1 Bb6 33.Ra3 Rxh2 34.
Re7 e3 35.Rb3 Rf2+ 36.Ke1 Ba5+ 37.Kd1 Rd2+ 38.Kc1 e2 39.Rxb5 Rd1+ 40.Kc2 
e1=Q 41.Rxe1 Rxe1 0-1

[Event "61st POL-ch (w)"]
[Site "Bogatynia POL"]
[Date "2009.07.20"]
[Round "2"]
[White "Jaracz, Barbara"]
[Black "Kulon, Klaudia"]
[Result "1-0"]
[WhiteElo "2306"]
[BlackElo "2251"]
[EventDate "2009.07.19"]
[PlyCount "85"]

1.e4 c5 2.Nf3 e6 3.d4 cxd4 4.Nxd4 Nf6 5.Nc3 d6 6.Be3 Be7 7.f3 a6 8.Qd2 b5 
9.O-O-O Bb7 10.Bd3 Nbd7 11.Qf2 Rc8 12.Nce2 O-O 13.g4 Ne5 14.Kb1 Nfd7 15.h4
Nc5 16.g5 d5 17.Nb3 Na4 18.exd5 Bxd5 19.Nf4 Qc7 20.Nxd5 exd5 21.Bd4 Bd6 
22.h5 Nc4 23.g6 fxg6 24.hxg6 h6 25.Qh4 Rf4 26.Qh3 Rxd4 27.Nxd4 Ncxb2 28.
Qe6+ Kh8 29.Rdg1 Bf4 30.Re1 Rf8 31.Qe7 Qxe7 32.Rxe7 Nxd3 33.cxd3 Bg5 34.
Rf7 Re8 35.Ne6 Bf6 36.Rf8+ Rxf8 37.Nxf8 Nc3+ 38.Kc2 Ne2 39.Re1 Nd4+ 40.Kd1
Nf5 41.Re8 Ne7 42.Ne6+ Ng8 43.Nd8 1-0

[Event "61st POL-ch (w)"]
[Site "Bogatynia POL"]
[Date "2009.07.20"]
[Round "2"]
[White "Kadziolka, Beata"]
[Black "Przezdziecka, Marta"]
[Result "1/2-1/2"]
[WhiteElo "2289"]
[BlackElo "2285"]
[EventDate "2009.07.19"]
[PlyCount "37"]

1.c4 Nf6 2.Nf3 e6 3.Nc3 c5 4.e4 d6 5.d4 cxd4 6.Nxd4 Be7 7.Be2 O-O 8.O-O a6
9.Be3 Qc7 10.Qd2 b6 11.Rac1 Bb7 12.f3 Nbd7 13.Rfd1 Rad8 14.Bf1 Rfe8 15.Qf2
Bf8 16.Kh1 Qb8 17.Nb3 Nc5 18.Nd4 d5 19.b4 1/2-1/2

[Event "61st POL-ch (w)"]
[Site "Bogatynia POL"]
[Date "2009.07.20"]
[Round "2"]
[White "Rajlich, Iweta"]
[Black "Majdan, Joanna"]
[Result "1-0"]
[WhiteElo "2448"]
[BlackElo "2382"]
[EventDate "2009.07.19"]
[PlyCount "57"]

1.d4 Nf6 2.Nf3 g6 3.c4 Bg7 4.Nc3 d5 5.cxd5 Nxd5 6.e4 Nxc3 7.bxc3 O-O 8.Be2
c5 9.O-O b6 10.Rb1 Bb7 11.Qd3 e6 12.h4 Ba6 13.Qe3 Bxe2 14.Qxe2 cxd4 15.
cxd4 Nc6 16.Be3 Nxd4 17.Bxd4 Bxd4 18.Rfd1 e5 19.Nxe5 Qc7 20.Ng4 Bg7 21.h5 
gxh5 22.Ne3 Qf4 23.Nd5 Qg4 24.Ne7+ Kh8 25.f3 Qg5 26.Nf5 Be5 27.Rb5 Rae8 
28.Qf2 Rd8 29.Rxd8 1-0

[Event "61st POL-ch (w)"]
[Site "Bogatynia POL"]
[Date "2009.07.20"]
[Round "2"]
[White "Szczepkowska-Horowska, Karina"]
[Black "Zawadzka, Jolanta"]
[Result "1/2-1/2"]
[WhiteElo "2327"]
[BlackElo "2387"]
[EventDate "2009.07.19"]
[PlyCount "63"]

1.e4 c5 2.c4 Nc6 3.Ne2 e6 4.Nbc3 Nf6 5.d4 cxd4 6.Nxd4 Bb4 7.Nxc6 dxc6 8.
Qxd8+ Kxd8 9.Bd2 e5 10.Rd1 Ke7 11.Be2 Rd8 12.O-O Be6 13.Kh1 Bc5 14.f3 Nh5 
15.Na4 Bd4 16.Bb4+ Ke8 17.g3 g6 18.Nc5 Bh3 19.Nxb7 Bxf1 20.Bxf1 Rdb8 21.
Nd6+ Kf8 22.Nb5+ Kg7 23.Nxd4 Rxb4 24.Nxc6 Rxb2 25.a4 Nf6 26.Nxe5 Ra2 27.
Nc6 Rxa4 28.e5 Ng8 29.Rd7 Re8 30.f4 a6 31.Kg2 Re6 32.Rc7 1/2-1/2

[Event "61st POL-ch (w)"]
[Site "Bogatynia POL"]
[Date "2009.07.20"]
[Round "2"]
[White "Warakomska, Anna"]
[Black "Toma, Katarzyna"]
[Result "1/2-1/2"]
[WhiteElo "2193"]
[BlackElo "2261"]
[EventDate "2009.07.19"]
[PlyCount "90"]

1.e4 c5 2.Nf3 Nc6 3.d4 cxd4 4.Nxd4 Nf6 5.Nc3 e5 6.Ndb5 d6 7.Bg5 a6 8.Na3 
b5 9.Nd5 Be7 10.Bxf6 Bxf6 11.c3 Bg5 12.Nc2 Ne7 13.h4 Bh6 14.a4 bxa4 15.
Ncb4 O-O 16.Qxa4 a5 17.Bb5 Nxd5 18.Nxd5 Be6 19.Bc6 Rb8 20.b4 axb4 21.cxb4 
f5 22.b5 Kh8 23.exf5 Bxf5 24.g4 Bd3 25.g5 Bxg5 26.hxg5 Qxg5 27.Qh4 Qxh4 
28.Rxh4 Bxb5 29.Bxb5 Rxb5 30.Ne7 Rfb8 31.Ke2 Rb2+ 32.Kf3 g5 33.Rh2 Rf8+ 
34.Kg3 Kg7 35.Ra7 h6 36.Nf5+ Kg6 37.Nxd6 h5 38.Ne4 h4+ 39.Kg2 Rf4 40.Ra6+ 
Kf5 41.Nd6+ Kg4 42.Kf1 Rb1+ 43.Ke2 Rb2+ 44.Kf1 Rb1+ 45.Ke2 Rb2+ 1/2-1/2

[Event "61st POL-ch (w)"]
[Site "Bogatynia POL"]
[Date "2009.07.21"]
[Round "3"]
[White "Krupa, Monika"]
[Black "Warakomska, Anna"]
[Result "1/2-1/2"]
[WhiteElo "2229"]
[BlackElo "2193"]
[EventDate "2009.07.19"]
[PlyCount "132"]

1.e4 c5 2.Nf3 e6 3.Nc3 a6 4.g3 b5 5.Bg2 Bb7 6.d4 cxd4 7.Nxd4 Nf6 8.a3 Qc7 
9.O-O d6 10.Re1 Be7 11.a4 b4 12.Na2 d5 13.Bf4 Qd7 14.e5 Ne4 15.f3 Nc5 16.
Nxb4 Nxa4 17.Nd3 Nb6 18.b3 O-O 19.Be3 Qc7 20.f4 Nc6 21.f5 Nxd4 22.Bxd4 
exf5 23.Qf3 Nd7 24.Qxf5 Nc5 25.Nf4 Rad8 26.Qg4 f5 27.Qe2 Qc8 28.e6 Ne4 29.
c3 Bf6 30.Rac1 Rde8 31.Bxf6 Rxf6 32.Qe3 Qd8 33.Red1 g5 34.Nxd5 Rfxe6 35.
Bxe4 Rxe4 36.Qc5 R4e5 37.c4 Kf7 38.Qc7+ Qxc7 39.Nxc7 R8e7 40.Nd5 Rd7 41.
Nb6 Rxd1+ 42.Rxd1 Ke6 43.Nd7 Bf3 44.Rd3 Ra5 45.b4 Ra1+ 46.Kf2 g4 47.c5 
Ra2+ 48.Ke3 Rxh2 49.Rd6+ Ke7 50.Ne5 Rb2 51.Rb6 h5 52.Kf4 Be4 53.Nc4 Rc2 
54.Nd6 a5 55.bxa5 Rxc5 56.a6 Ra5 57.Nxe4 fxe4 58.Kxe4 Kd7 59.Rh6 Kc7 60.
Kf4 Kb8 61.Rf6 Ra3 62.Kg5 Rxg3 63.Kxh5 Ka7 64.Rg6 Rg1 65.Rxg4 Rxg4 66.Kxg4
Kxa6 1/2-1/2

[Event "61st POL-ch (w)"]
[Site "Bogatynia POL"]
[Date "2009.07.21"]
[Round "3"]
[White "Kulon, Klaudia"]
[Black "Szczepkowska-Horowska, Karina"]
[Result "0-1"]
[WhiteElo "2251"]
[BlackElo "2327"]
[EventDate "2009.07.19"]
[PlyCount "130"]

1.e4 e5 2.Nf3 Nc6 3.Bb5 a6 4.Ba4 Nf6 5.O-O Nxe4 6.d4 b5 7.Bb3 d5 8.dxe5 
Be6 9.c3 Bc5 10.Nbd2 O-O 11.Bc2 Nxf2 12.Rxf2 f6 13.exf6 Bxf2+ 14.Kxf2 Qxf6
15.Nb3 Ne5 16.Kg1 Rae8 17.Be3 Nxf3+ 18.Qxf3 Qxf3 19.gxf3 Rxf3 20.Bf2 Bh3 
21.Nd2 Rf4 22.Bg3 Rf6 23.Re1 Rxe1+ 24.Bxe1 Re6 25.Kf2 Bg4 26.Kf1 Be2+ 27.
Kf2 Bh5 28.Bd3 c5 29.Bf1 c4 30.Bg2 Re2+ 31.Kf1 Kf8 32.h4 Ke7 33.Bxd5 Re5 
34.Be4 Re6 35.Bg3 Bg6 36.Bf3 Bd3+ 37.Kf2 Kf6 38.Bd1 a5 39.Bc7 Ra6 40.b3 
cxb3 41.Nxb3 Bb1 42.a3 a4 43.Nd4 Bd3 44.Be2 Bxe2 45.Kxe2 Kg6 46.Nxb5 Kh5 
47.Bg3 g5 48.hxg5 Kxg5 49.c4 h5 50.Bd6 h4 51.c5 h3 52.Kf3 Kf6 53.Kg3 Ra8 
54.Nd4 Rh8 55.Kh2 Rh4 56.Nc6 Ke6 57.Na5 Rd4 58.Bg3 Rd3 59.c6 Rxa3 60.Be1 
Re3 61.Bb4 a3 62.Nc4 a2 63.Nxe3 a1=Q 64.c7 Qe5+ 65.Kxh3 Qxe3+ 0-1

[Event "61st POL-ch (w)"]
[Site "Bogatynia POL"]
[Date "2009.07.21"]
[Round "3"]
[White "Majdan, Joanna"]
[Black "Jaracz, Barbara"]
[Result "1-0"]
[WhiteElo "2382"]
[BlackElo "2306"]
[EventDate "2009.07.19"]
[PlyCount "73"]

1.e4 e5 2.Nf3 Nc6 3.Bb5 a6 4.Ba4 Nf6 5.d3 b5 6.Bb3 Be7 7.O-O Bb7 8.a4 d6 
9.c3 O-O 10.Re1 Na5 11.Ba2 c5 12.Nbd2 Nc6 13.Nf1 Rb8 14.Ng3 Bc8 15.axb5 
axb5 16.h3 Be6 17.Bxe6 fxe6 18.d4 exd4 19.cxd4 d5 20.Ra6 Qc8 21.Ra1 Nxd4 
22.Nxd4 cxd4 23.e5 Ne4 24.Nxe4 dxe4 25.Rxe4 Ra8 26.Rb1 Bc5 27.Qd3 Qb7 28.
Rg4 Qd5 29.Bh6 Rf7 30.Qg3 Raa7 31.b4 Bb6 32.Rd1 Rad7 33.Rd3 Ra7 34.h4 Kf8 
35.Rf3 d3 36.Rxg7 Qxf3 37.Rxf7+ 1-0

[Event "61st POL-ch (w)"]
[Site "Bogatynia POL"]
[Date "2009.07.21"]
[Round "3"]
[White "Przezdziecka, Marta"]
[Black "Jakubiec, Edyta"]
[Result "1-0"]
[WhiteElo "2285"]
[BlackElo "2217"]
[EventDate "2009.07.19"]
[PlyCount "45"]

1.d4 Nf6 2.Nf3 g6 3.c4 Bg7 4.Nc3 O-O 5.g3 d6 6.Bg2 Nbd7 7.O-O e5 8.e4 exd4
9.Nxd4 Re8 10.Re1 a5 11.f3 Nc5 12.Be3 Nfd7 13.Ndb5 Na6 14.f4 Ndc5 15.e5 
dxe5 16.Qxd8 Rxd8 17.Nxc7 Nxc7 18.Bxc5 exf4 19.Re7 Rd7 20.Rae1 Bf8 21.Re8 
Nxe8 22.Rxe8 fxg3 23.Bxf8 1-0

[Event "61st POL-ch (w)"]
[Site "Bogatynia POL"]
[Date "2009.07.21"]
[Round "3"]
[White "Zawadzka, Jolanta"]
[Black "Kadziolka, Beata"]
[Result "1-0"]
[WhiteElo "2387"]
[BlackElo "2289"]
[EventDate "2009.07.19"]
[PlyCount "119"]

1.e4 c5 2.Nf3 d6 3.d4 Nf6 4.Nc3 cxd4 5.Nxd4 a6 6.Be2 e5 7.Nb3 Be7 8.O-O 
O-O 9.Bf3 Be6 10.Re1 Nbd7 11.a4 Rc8 12.a5 h6 13.h3 Qc7 14.Be3 Rfd8 15.Nd2 
Nh7 16.Nf1 Bg5 17.Re2 g6 18.Rd2 Bxe3 19.Nxe3 Ndf6 20.h4 h5 21.Qe2 Kg7 22.
Ncd1 Qc6 23.Qd3 Ne8 24.b3 Qc5 25.c4 Nhf6 26.Nc3 b5 27.axb6 Qxb6 28.Bd1 Nc7
29.Bc2 a5 30.Rad1 Na6 31.Na4 Qb7 32.Qc3 Nb4 33.Rxd6 Rxd6 34.Rxd6 Nxc2 35.
Qxc2 Qxe4 36.Qxe4 Nxe4 37.Rb6 Bd7 38.f3 Nc5 39.Nxc5 Rxc5 40.Ra6 Bc6 41.Kf2
f5 42.g3 f4 43.gxf4 exf4 44.Ng2 Kf7 45.Nxf4 Rf5 46.Ke3 Re5+ 47.Kd4 Rf5 48.
Nxg6 Bb7 49.Rb6 Bxf3 50.Ne5+ Ke7 51.Rb5 Kd6 52.Rxa5 Bb7 53.c5+ Kc7 54.Nd3 
Rf3 55.Ra4 Rh3 56.Kc3 Bc8 57.Rd4 Bg4 58.Kb4 Bd1 59.Nf2 Rxb3+ 60.Kc4 1-0

[Event "61st POL-ch (w)"]
[Site "Bogatynia POL"]
[Date "2009.07.22"]
[Round "4"]
[White "Jakubiec, Edyta"]
[Black "Zawadzka, Jolanta"]
[Result "0-1"]
[WhiteElo "2217"]
[BlackElo "2387"]
[EventDate "2009.07.19"]
[PlyCount "105"]

1.c4 Nf6 2.Nf3 g6 3.Nc3 Bg7 4.d4 d6 5.e4 O-O 6.Be2 e5 7.O-O Nc6 8.d5 Ne7 
9.Ne1 Nd7 10.Nd3 f5 11.Bd2 c5 12.Rb1 Kh8 13.f3 Ng8 14.Nb5 Ndf6 15.Nf2 Bh6 
16.b4 a6 17.Nc3 Bxd2 18.Qxd2 cxb4 19.Rxb4 Nd7 20.Na4 Ngf6 21.Rfb1 fxe4 22.
fxe4 Qa5 23.Qe3 Rb8 24.a3 b5 25.cxb5 axb5 26.Rxb5 Rxb5 27.Bxb5 Nh5 28.Rb4 
Qd8 29.Bf1 Qc7 30.Nb2 Qc2 31.Nbd3 Ba6 32.Rb2 Qc3 33.Qd2 Qc7 34.Rc2 Qb6 35.
Rb2 Qc7 36.Rc2 Qd8 37.g3 Bxd3 38.Nxd3 Qb6+ 39.Kg2 Qd4 40.Nf2 Qa4 41.Rc7 
Rb8 42.Qc2 Qxc2 43.Rxc2 Nc5 44.Rc3 Rb2 45.Re3 Nf6 46.Be2 h5 47.Kf3 Nb3 48.
Kg2 Nc5 49.h3 Kg7 50.Kf3 g5 51.g4 hxg4+ 52.Nxg4 Nfxe4 53.Bc4 0-1

[Event "61st POL-ch (w)"]
[Site "Bogatynia POL"]
[Date "2009.07.22"]
[Round "4"]
[White "Jaracz, Barbara"]
[Black "Szczepkowska-Horowska, Karina"]
[Result "1/2-1/2"]
[WhiteElo "2306"]
[BlackElo "2327"]
[EventDate "2009.07.19"]
[PlyCount "66"]

1.e4 e5 2.Nf3 Nc6 3.Bb5 a6 4.Ba4 Nf6 5.O-O Be7 6.Re1 b5 7.Bb3 O-O 8.h3 Bb7
9.d3 d6 10.a3 Na5 11.Ba2 c5 12.Nbd2 Nc6 13.Nf1 h6 14.Ne3 Bc8 15.c3 Re8 16.
Nd5 Bf8 17.b4 Rb8 18.Be3 Bb7 19.Rc1 Nxd5 20.Bxd5 Qc7 21.c4 Ne7 22.Qb3 Nxd5
23.cxd5 Rbc8 24.Rc3 c4 25.dxc4 bxc4 26.Qc2 f5 27.Nh4 fxe4 28.Qxe4 Qf7 29.
Rd1 Rc7 30.g4 Bc8 31.Rdc1 Bb7 32.Rd1 Bc8 33.Rdc1 Bb7 1/2-1/2

[Event "61st POL-ch (w)"]
[Site "Bogatynia POL"]
[Date "2009.07.22"]
[Round "4"]
[White "Kadziolka, Beata"]
[Black "Kulon, Klaudia"]
[Result "1/2-1/2"]
[WhiteElo "2289"]
[BlackElo "2251"]
[EventDate "2009.07.19"]
[PlyCount "56"]

1.Nf3 c5 2.c4 Nf6 3.d4 e6 4.d5 d6 5.Nc3 exd5 6.cxd5 g6 7.h3 Bg7 8.e4 O-O 
9.Bd3 Re8 10.O-O a6 11.a4 Nbd7 12.Bf4 Qc7 13.Qd2 Rb8 14.Rfe1 Nh5 15.Bh2 
Ne5 16.Be2 Qe7 17.Nxe5 Bxe5 18.Bxh5 Bxh2+ 19.Kxh2 Qe5+ 20.f4 Qxh5 21.Ne2 
Bd7 22.Ng3 Qh6 23.Qf2 Qg7 24.a5 f6 25.Ra3 b5 26.Rae3 Rbc8 27.Qd2 Qh6 28.
Qf2 Rf8 1/2-1/2

[Event "61st POL-ch (w)"]
[Site "Bogatynia POL"]
[Date "2009.07.22"]
[Round "4"]
[White "Majdan, Joanna"]
[Black "Toma, Katarzyna"]
[Result "1-0"]
[WhiteElo "2382"]
[BlackElo "2261"]
[EventDate "2009.07.19"]
[PlyCount "85"]

1.d4 Nf6 2.c4 g6 3.Nc3 d5 4.cxd5 Nxd5 5.Bd2 Bg7 6.e4 Nb6 7.Be3 O-O 8.f4 c6
9.Rc1 Be6 10.Nf3 Nc4 11.Bxc4 Bxc4 12.b3 Be6 13.h3 f5 14.Ng5 Bd7 15.b4 e6 
16.Qb3 Qe7 17.d5 b6 18.dxe6 Bc8 19.Nd5 cxd5 20.exd5 Bb7 21.d6 Qxd6 22.e7+ 
Bd5 23.exf8=Q+ Bxf8 24.Qb2 Nc6 25.O-O Nxb4 26.Rcd1 Nxa2 27.Bd4 Qb4 28.Kh2 
Qxb2 29.Bxb2 Nb4 30.Rfe1 a5 31.Rd2 Bc5 32.Bc3 h6 33.Nf3 Be4 34.Rd7 Bf8 35.
Ne5 Nd5 36.Rxe4 Nxc3 37.Rc4 Ne4 38.Rc6 a4 39.Rxg6+ Kh8 40.h4 h5 41.Nf7+ 
Kh7 42.Rxb6 Bc5 43.Ng5+ 1-0

[Event "61st POL-ch (w)"]
[Site "Bogatynia POL"]
[Date "2009.07.22"]
[Round "4"]
[White "Rajlich, Iweta"]
[Black "Krupa, Monika"]
[Result "1/2-1/2"]
[WhiteElo "2448"]
[BlackElo "2229"]
[EventDate "2009.07.19"]
[PlyCount "81"]

1.d4 d5 2.c4 e6 3.Nf3 Nf6 4.e3 c5 5.Nc3 Nc6 6.a3 Ne4 7.Be2 Be7 8.O-O O-O 
9.Nxe4 dxe4 10.Nd2 cxd4 11.Nxe4 e5 12.exd4 Nxd4 13.Nc3 Be6 14.Be3 Nf5 15.
Qc1 Qc8 16.Nd5 Bxd5 17.cxd5 Nxe3 18.Qxe3 Bc5 19.Qxe5 Re8 20.Qh5 Bd4 21.
Rad1 Re5 22.Qf3 Qc5 23.b4 Qxd5 24.Qxd5 Rxd5 25.Bf3 Rd7 26.Bxb7 Bxf2+ 27.
Kxf2 Rxb7 28.Rd5 g6 29.Rfd1 Kg7 30.Rd7 Rb5 31.R1d5 Rb6 32.R5d6 Rb5 33.Rd5 
Rb6 34.Ke3 Ra6 35.Ra5 Rxa5 36.bxa5 Rb8 37.Kd4 Rb3 38.Rxa7 Rxa3 39.a6 Ra2 
40.Kc5 Rxg2 41.h4 1/2-1/2

[Event "61st POL-ch (w)"]
[Site "Bogatynia POL"]
[Date "2009.07.23"]
[Round "5"]
[White "Krupa, Monika"]
[Black "Majdan, Joanna"]
[Result "1/2-1/2"]
[WhiteElo "2229"]
[BlackElo "2382"]
[EventDate "2009.07.19"]
[PlyCount "60"]

1.e4 c6 2.d4 d5 3.Nc3 dxe4 4.Nxe4 Bf5 5.Ng3 Bg6 6.h4 h6 7.Nf3 Nd7 8.h5 Bh7
9.Bd3 Bxd3 10.Qxd3 e6 11.Bf4 Qa5+ 12.Bd2 Bb4 13.c3 Be7 14.c4 Qc7 15.Ne4 
Ngf6 16.g3 Rd8 17.O-O-O c5 18.Bf4 Qa5 19.d5 exd5 20.cxd5 Nxe4 21.Qxe4 Nf6 
22.Qe5 Qxa2 23.Rhe1 O-O 24.d6 Bxd6 25.Rxd6 Nd5 26.Nd2 Nb4 27.Re3 Qa1+ 28.
Nb1 Na2+ 29.Kc2 Nb4+ 30.Kc1 Na2+ 1/2-1/2

[Event "61st POL-ch (w)"]
[Site "Bogatynia POL"]
[Date "2009.07.23"]
[Round "5"]
[White "Kulon, Klaudia"]
[Black "Jakubiec, Edyta"]
[Result "0-1"]
[WhiteElo "2251"]
[BlackElo "2217"]
[EventDate "2009.07.19"]
[PlyCount "166"]

1.e4 e6 2.d4 d5 3.Nd2 Nf6 4.e5 Nfd7 5.c3 c5 6.Bd3 Nc6 7.Ndf3 Qa5 8.Bd2 Qb6
9.Ne2 c4 10.Bc2 Qxb2 11.Nf4 h6 12.h4 Qa3 13.h5 b6 14.Nh4 Bb7 15.Bg6 Qe7 
16.Bc2 Qa3 17.Bg6 Qe7 18.a4 O-O-O 19.Bc2 Qe8 20.Qg4 a5 21.O-O Kb8 22.Rfe1 
Ka7 23.Nh3 Bc8 24.f4 f5 25.Qf3 Ne7 26.g4 g6 27.Kh2 Nb8 28.gxf5 gxf5 29.Nf2
Rg8 30.Reb1 Rd7 31.Kh3 Rb7 32.Nd1 Bd7 33.Ne3 Bc6 34.Kh2 Qf7 35.Bc1 Be8 36.
Bd1 Qg7 37.Qf2 Nec6 38.Bf3 Be7 39.Bb2 Qf8 40.Bc1 Bf7 41.Bd2 Qe8 42.Ng6 
Bxg6 43.hxg6 Qxg6 44.Rg1 Qf7 45.Rxg8 Qxg8 46.Rg1 Qf7 47.Rb1 Rd7 48.Qg2 Rc7
49.Kg1 Bf8 50.Kf1 Qe8 51.Ke2 Rg7 52.Qh1 Ne7 53.Rb5 Na6 54.Qb1 Qc6 55.Qc2 
Ng6 56.Ng2 h5 57.Bxh5 Nxe5 58.Ne1 Nd3 59.Bf3 Nxe1 60.Bxe1 Bd6 61.Ke3 Qc7 
62.Qh2 Nb8 63.Rb1 Nd7 64.Bh4 Rh7 65.Rh1 Nf8 66.Qg3 Rg7 67.Bg5 Nh7 68.Rh5 
Qd7 69.Bd1 Nf6 70.Rh6 Ne4 71.Qh4 Nxc3 72.Bc2 Ne4 73.Bxe4 dxe4 74.Bf6 Be7 
75.Bxe7 Rxe7 76.Qf6 Qc7 77.Rh2 Rg7 78.Qxe6 Rg3+ 79.Ke2 c3 80.Rh1 c2 81.Rc1
Rg2+ 82.Kf1 Rh2 83.Ke1 Qc3+ 0-1

[Event "61st POL-ch (w)"]
[Site "Bogatynia POL"]
[Date "2009.07.23"]
[Round "5"]
[White "Przezdziecka, Marta"]
[Black "Rajlich, Iweta"]
[Result "1/2-1/2"]
[WhiteElo "2285"]
[BlackElo "2448"]
[EventDate "2009.07.19"]
[PlyCount "109"]

1.d4 Nf6 2.Nf3 g6 3.c4 Bg7 4.Nc3 d5 5.Bf4 O-O 6.e3 dxc4 7.Bxc4 c5 8.dxc5 
Qa5 9.O-O Qxc5 10.Bb3 Na6 11.Rc1 Qa5 12.a3 Bg4 13.h3 Rad8 14.Qe2 Bxf3 15.
gxf3 Nh5 16.Bh2 Qg5+ 17.Kh1 Qh4 18.Kg2 Nc5 19.Bc4 Qg5+ 20.Kh1 Qf5 21.Kg2 
Ne6 22.Ne4 Ng5 23.Nxg5 Qxg5+ 24.Kh1 Qh4 25.Kg2 Qg5+ 26.Kh1 Qf5 27.Kg2 Be5 
28.f4 Bb8 29.Rfd1 e6 30.Bb3 Qf6 31.Ba4 Qe7 32.Qf3 Ng7 33.Rxd8 Rxd8 34.Rd1 
Rxd1 35.Qxd1 b5 36.Bc2 Qc7 37.Bg3 Qe7 38.Qd3 a6 39.a4 Nf5 40.axb5 Qb7+ 41.
Kg1 Nxg3 42.fxg3 axb5 43.Qd8+ Kg7 44.Qd4+ e5 45.fxe5 Ba7 46.Qf4 Qc7 47.Bb3
Qc1+ 48.Kg2 Qxb2+ 49.Kf3 f5 50.exf6+ Qxf6 51.Qxf6+ Kxf6 52.h4 h6 53.g4 b4 
54.Ke4 Bb8 55.Kd5 1/2-1/2

[Event "61st POL-ch (w)"]
[Site "Bogatynia POL"]
[Date "2009.07.23"]
[Round "5"]
[White "Szczepkowska-Horowska, Karina"]
[Black "Kadziolka, Beata"]
[Result "1/2-1/2"]
[WhiteElo "2327"]
[BlackElo "2289"]
[EventDate "2009.07.19"]
[PlyCount "74"]

1.e4 c5 2.Ne2 d6 3.g3 h5 4.h4 Nf6 5.Bg2 Nc6 6.O-O e5 7.d3 Be7 8.c3 Bg4 9.
f3 Be6 10.Na3 d5 11.Nc2 Qd7 12.exd5 Nxd5 13.d4 exd4 14.cxd4 O-O-O 15.dxc5 
Bxc5+ 16.Kh2 Rhe8 17.Nf4 Nxf4 18.Qxd7+ Bxd7 19.Bxf4 Re2 20.Rac1 Bf5 21.b4 
Bd6 22.Nd4 Bxf4 23.Nxe2 Bxc1 24.Rxc1 Kb8 25.b5 Ne5 26.Nf4 g6 27.Rc5 Nd3 
28.Rd5 Kc7 29.Rxd8 Kxd8 30.Ne2 Be6 31.f4 Nc5 32.a4 Kc7 33.a5 Bc4 34.Nc3 
Nb3 35.a6 bxa6 36.bxa6 Nc5 37.f5 Bxa6 1/2-1/2

[Event "61st POL-ch (w)"]
[Site "Bogatynia POL"]
[Date "2009.07.23"]
[Round "5"]
[White "Toma, Katarzyna"]
[Black "Jaracz, Barbara"]
[Result "0-1"]
[WhiteElo "2261"]
[BlackElo "2306"]
[EventDate "2009.07.19"]
[PlyCount "58"]

1.e4 e5 2.Nf3 Nc6 3.Bc4 Bc5 4.d3 Nf6 5.c3 d6 6.O-O O-O 7.a4 a6 8.h3 Ba7 9.
Nbd2 Ne7 10.Re1 Ng6 11.d4 h6 12.Nf1 Nxe4 13.Qb3 Ng5 14.Bxg5 hxg5 15.dxe5 
dxe5 16.Rad1 Qf6 17.Ng3 Nf4 18.Ne4 Nxh3+ 19.Kf1 Qf4 20.Bxf7+ Kh8 21.Be6 g4
22.Rd3 Qh6 23.Bxc8 Nf4 24.Ng3 Nxd3 25.Bxg4 Bxf2 26.Rd1 Bxg3 27.Rxd3 Qh1+ 
28.Ke2 Qxg2+ 29.Kd1 Rad8 0-1